Manual de estudio de tt̕ulos De dominio de la propiedad inmobiliaria /

Bibliographic Details
Main Author: Feliu Segovia, Juan
Format: eBook
Language:Spanish
Published: [Chile] : Editorial Jurd̕ica de Chile, 2011.
Subjects:
Online Access:Acceso restringido

MARC

LEADER 00000nam a22000007a 4500
005 20110826123638.0
008 110826t2011 cl |||||s|||| 00| 0 spa d
020 |a 978-956-10-1859-4 
035 |a 5483 
040 |a vLex 
090 |c 2275  |d 2275 
100 1 |a Feliu Segovia, Juan 
245 1 0 |a Manual de estudio de tt̕ulos  |b De dominio de la propiedad inmobiliaria /  |c Juan Feliu Segovia  |h [Recurso electrn̤ico] : 
256 |a Servicio en ln̕ea. 
260 |a [Chile] :  |b Editorial Jurd̕ica de Chile,   |c 2011. 
500 |a El objetivo fundamental de este libro es explicar cm̤o, por qu ̌y para qu ̌se estudian e informan los tt̕ulos de dominio de los inmuebles, materia de gran aplicacin̤ profesional en Chile. Contiene cuatro modelos de Informe de Tt̕ulos, que contribuyen a su carc̀ter eminentemente didc̀tico y su indiscutida utilidad para los abogados y estudiantes de Derecho, adems̀ de las principales distinciones entre predios urbanos y rurales y la clasificacin̤ de las unidades en la copropiedad inmobiliaria.  
506 1 |a Contenido solo disponible en los productos indicados  |d vLex Global  |d vLex Global (Academic Edition, excluding Law Schools)  |d vLex Global (U.S. Academic Edition, Law Schools)  |d vLex Global (U.S. Academic Edition, excluding Law Schools)  |d vLex Global (Academic Edition, Law Schools) 
650 0 4 |a Bienes inmuebles 
740 0 |a vlex libros (Servicio en ln̕ea) 
856 4 0 |u http://vlex.com/source/manual-estudio-titulos-dominio-propiedad-inmobiliaria-5483  |z Acceso restringido 
942 |c BOOK